Mis dictados. Ortografía práctica. Libro del alumno. Primera parte

Gespeichert in:
Bibliographische Detailangaben
1. Verfasser: Pascual Martínez, Andrés Autor, Maestro Nacional
Format: keine Angabe
Sprache:Spanisch
Erschienen: Logroño, España Editorial Ochoa 1964
Ausgabe:22ª
Katalog:MANES:  Suchergebnis im Bibliothekskatalog
Schulbuchspezifische Eigenschaften:
Schlagworte:
Tags: Tag hinzufügen
Keine Tags, Fügen Sie den ersten Tag hinzu!
Hinzugefügt zu:26.04.2016

MARC

LEADER 000000000a22000000004500
001 13837
008 160427s sp ||||| |||| 00| 0 spa d
040 |a manes  |c manes 
100 1 |a Pascual Martínez, Andrés  |b Autor, Maestro Nacional 
245 0 0 |a  Mis dictados. Ortografía práctica. Libro del alumno. Primera parte 
250 |a 22ª 
260 |a Logroño, España  |b Editorial Ochoa  |c 1964 
300 |a 127 p.  |c 21 x 15 cm. 
500 |a EDAD:8.11  |a Obra aprobada por el Ministerio de Educación Nacional (O. del 7-IV-56. B.O. del 2-V-1956).  |a USO:Libro de dictados para el aprendizaje de la ortografía 
546 |a España 
650 7 |a Escritura y Lectura 
655 7 |a Primaria 
942 |2 ddc  |c BK 
999 |c 48680  |d 48680 
999 |c manes:48680  |d 48680